| 000 | 00787nam a2200229 a 4500 | ||
|---|---|---|---|
| 001 | 000006559 | ||
| 005 | 20260224132158.0 | ||
| 008 | 090901s1989 dr a 001 0 spa d | ||
| 040 |
_aDO-SdBNP _bspa _cBNPHU |
||
| 082 |
_a616.044 _bB433l |
||
| 100 | 1 |
_aBell Brens, Rafael I. _918205 |
|
| 245 | 1 | 0 |
_aLeccciones de clínica y medicina crítica / _cRafael I. Bell Brens, Claudio Almonte Germán. |
| 260 |
_aSanto Domingo : _bCaribe, _c1989. |
||
| 300 |
_a577 p. : _bil. ; _c22 cm. |
||
| 500 | _aIncluye referencias bibliográficas | ||
| 650 | 0 |
_aMedicina _912481 |
|
| 650 | 4 |
_aEnfermedades cardiacas _918206 |
|
| 650 | 4 |
_aEnfermedades crónicas _918207 |
|
| 650 | 0 |
_aEnfermedades renales _918208 |
|
| 650 | 0 |
_aEnfermedades de los pulmones _918209 |
|
| 700 | 1 |
_aAlmonte Germán, Claudio _918210 |
|
| 999 |
_c6350 _d6350 |
||